000 00397nam a2200121Ia 4500
008 241028s9999 xx 000 0 und d
041 _aeng
082 _a332.64 LAR
100 _aLarcher Gerhard
245 _aThe Art Of Quantitative Finance Vol.1: Trading, Derivatives And Basic Concepts Trading, Derivatives And Basic Concepts
260 _bSpringer
_aSwitzerland
_c2023
300 _a516;. P. 24 cm
999 _c42824
_d42824